The essential role of green infrastructure (Record no. 108730)
[ view plain ]
| 000 -LEADER | |
|---|---|
| fixed length control field | 02105cad a22002535a 4500 |
| 001 - CONTROL NUMBER | |
| control field | L145224 |
| 008 - FIXED-LENGTH DATA ELEMENTS--GENERAL INFORMATION | |
| fixed length control field | 080917e20080912xxkado f f000 0 eng d |
| 035 ## - SYSTEM CONTROL NUMBER | |
| System control number | (Sirsi) u145224 |
| 041 0# - LANGUAGE CODE | |
| Language code of text/sound track or separate title | eng |
| 050 04 - LIBRARY OF CONGRESS CALL NUMBER | |
| Classification number | 711.3 $2 18 |
| 110 2# - MAIN ENTRY--CORPORATE NAME | |
| Corporate name or jurisdiction name as entry element | Town and Country Planning Association |
| 9 (RLIN) | 3022 |
| 245 04 - TITLE STATEMENT | |
| Title | The essential role of green infrastructure |
| Remainder of title | eco-towns green infrastructure worksheet |
| Medium | [electronic resource] |
| 260 ## - PUBLICATION, DISTRIBUTION, ETC. | |
| Place of publication, distribution, etc. | London |
| Name of publisher, distributor, etc. | TCPA |
| Date of publication, distribution, etc. | 2008 |
| 505 2# - FORMATTED CONTENTS NOTE | |
| Formatted contents note | The green infrastructure principles that eco-town developers, planners and managers should adhere to -- Green infrastructure standards, targets and performance indicators -- The social and economic contribution of green infrastructure -- Putting it into practice -- Funding and long-term management of green infrastructure, upfront and continuing |
| 505 2# - FORMATTED CONTENTS NOTE | |
| Formatted contents note | Annexes: trees, woodlands and grasslands; explaining multi-functionality; a focus on private spaces; a check-list of potential ecosystem services and social benefits; green infrastructure in policy and practice; green infrastructure case studies; signposts to further information |
| 520 ## - SUMMARY, ETC. | |
| Summary, etc. | This worksheet is intended to offer advice on the suitability of green infrastructure as being a key aspect of the development of thriving eco-towns. It is designed for planners and developers, but will also be of interest to those who will manage eco-towns, in addition to a broad range of other stakeholders. The authors suggest that a diverse range of professional expertise should be relied upon from the inception of plans for eco-towns, through to the actualisation of these projects and their future running. Offers practical guidance on the standards to be sought in the creation of eco-towns and advises on overall sustainability and funding matters. |
| 521 ## - TARGET AUDIENCE NOTE | |
| Target audience note | Advanced |
| 590 ## - LOCAL NOTE (RLIN) | |
| Local note | KA NTK |
| 651 #4 - SUBJECT ADDED ENTRY--GEOGRAPHIC NAME | |
| Geographic name | England and Wales |
| Chronological subdivision | 1543- |
| 690 ## - LOCAL SUBJECT ADDED ENTRY--TOPICAL TERM (OCLC, RLIN) | |
| Topical term or geographic name as entry element | PROPERTY-INFRASTRUCTURE |
| 690 ## - LOCAL SUBJECT ADDED ENTRY--TOPICAL TERM (OCLC, RLIN) | |
| Topical term or geographic name as entry element | PROPERTY-PROPERTY MANAGEMENT-REGENERATION |
| 856 40 - ELECTRONIC LOCATION AND ACCESS | |
| Uniform Resource Identifier | <a href="https://www.tcpa.org.uk/pages/sustainability-worksheets.html">https://www.tcpa.org.uk/pages/sustainability-worksheets.html</a> |
| Public note | View the item free of charge online at www.tcpa.org.uk... |
| 942 ## - ADDED ENTRY ELEMENTS (KOHA) | |
| Suppress in OPAC | 0 |
| Withdrawn status | Lost status | Source of classification or shelving scheme | Damaged status | Not for loan | Home library | Current library | Shelving location | Date acquired | Total Checkouts | Full call number | Barcode | Date last seen | Copy number | Price effective from | Koha item type |
|---|---|---|---|---|---|---|---|---|---|---|---|---|---|---|---|
| Dewey Decimal Classification | Virtual | Virtual | Online | 17/09/2008 | ONLINE PUBLICATION | 145224-1001 | 06/08/2019 | 1 | 06/08/2019 | Book |